000 01327cam a22003617a 4500
003 CHAP
005 20220817043514.0
008 980119d1998 mx r 00110 spa d
010 _a76901
011 _a77873
035 _a87623
040 _cCHAP
090 _aTesis
100 0 0 _aMartínez Hernández, Hortensia Catalina.
_972152
245 1 0 _aVariación genética en el crecimiento inicial y acumulación de biomasa en tres especies de Eucalyptus spp.
_c/por Hortensia Catalina Martínez Hernández
260 _aChapingo, Méx. :
_bEl autor,
_c1998.
300 _a75 h. ;
_bgráfs.
502 _aTesis (Ing. Forestal con orientación en Silvicultura) -- UACH. División de Ciencias Forestales
590 _aALEPH
_b10
_c20130110
_lUCH01
_h1427
590 _aBATCH-UPD
_b10
_c20130110
_lUCH01
_h0453
590 _aBATCH-UPD
_b10
_c20130410
_lUCH01
_h0130
590 _aBATCH-UPD
_b10
_c20130914
_lUCH01
_h0637
590 _aCONVERSION
_b10
_c20130109
_lUCH01
_h1342
650 1 4 _aBiomasa.
_912825
650 1 4 _aEucalipto.
650 1 4 _aGenética forestal.
_947489
901 _aBK
905 _aAlejandra Carrasco M.
942 _cFOLL
949 _bBC
_cTES
_d33724000712311
_eTS2
_fc.2
_h33418
_i87623
_sb
949 _bBC
_cTES
_d33724000762357
_eTS2
_fc.3
_h35792
_i87623
_si
949 _bBC
_cTES
_d876231
_eTS1
_h33417
_i87623
_sb
999 _c76901
_d76901